Crisis of conscience : The struggle between loyalty to God and loyalty to one's religion / Raymond Franz.
Record details
- ISBN: 091467501X
- Physical Description: 396 s. : ill. ; 24 cm.
- Edition: 2nd ed.
- Publisher: Atlanta : Commentary Press, 1992.
Content descriptions
| Bibliography, etc. Note: | Includes bibliographical references and indexes. |
Search for related items by subject
| Subject: | Franz, Raymond. Jehovah's Witnesses > Controversial literature. |
Available copies
- 1 of 1 copy available at Common Catalog SPOK.
Holds
- 0 current holds with 1 total copy.
Show Only Available Copies
| Location | Call Number / Copy Notes | Barcode | Shelving Location | Status | Due Date |
|---|---|---|---|---|---|
| ETS Library | 241 | 424470015289 | Volný výběr | Available | - |
| LDR | 00897cam a2200277 a 4500 | ||
|---|---|---|---|
| 001 | 38626 | ||
| 003 | CZ-PrJAB | ||
| 005 | 20170303100921.0 | ||
| 008 | 921007s1992 gaua b 001 0deng | ||
| 010 | . | ‡a 92225256 //r96 | |
| 020 | . | ‡a091467501X | |
| 035 | . | ‡a(CONS)12615 | |
| 035 | . | ‡a(DLC) 92225256 //r96 | |
| 040 | . | ‡aDLC ‡beng ‡cDLC ‡dDLC | |
| 050 | 0 | 0. | ‡aBX8526.5 ‡b.F728 1992 |
| 082 | 0 | . | ‡a241 |
| 100 | 1 | . | ‡aFranz, Raymond. |
| 245 | 1 | 0. | ‡aCrisis of conscience : The struggle between loyalty to God and loyalty to one's religion / ‡cRaymond Franz. |
| 250 | . | ‡a2nd ed. | |
| 260 | . | ‡aAtlanta : ‡bCommentary Press, ‡c1992. | |
| 300 | . | ‡a396 s. : ‡bill. ; ‡c24 cm. | |
| 504 | . | ‡aIncludes bibliographical references and indexes. | |
| 600 | 1 | 0. | ‡aFranz, Raymond. |
| 650 | 0. | ‡aJehovah's Witnesses ‡xControversial literature. | |
| 852 | 4 | . | ‡bETS ‡bETS ‡cVolný výběr ‡j241 ‡p424470015289 ‡y$50.00 |
| 910 | . | ‡aABG450 | |
| 999 | . | ‡a12615 ‡c12615 ‡tbiblio | |
| 905 | . | ‡uadmin | |
| 901 | . | ‡a38626 ‡b ‡c38626 ‡tbiblio ‡sets | |